[Event "Barcelona Sant Marti op-B 25th"]
[Site "Barcelona"]
[Date "2025.07.21"]
[Round "9"]
[White "Pons Gramage, Toni"]
[Black "Aparicio Escudero, Hector F"]
[Result "1/2-1/2"]
[WhiteElo "1686"]
[BlackElo "1803"]
[PlyCount "94"]
[EventDate "2025.07.13"]
[EventType "swiss"]
[EventRounds "9"]
[EventCountry "ESP"]
[SourceTitle "CB30_2025"]
[SourceDate "2025.07.23"]
[SourceVersion "1"]
[SourceVersionDate "2025.07.23"]
[SourceQuality "1"]

1. e4 c5 2. d4 cxd4 3. c3 d3 4. Bxd3 Nc6 5. Nf3 d6 6. h3 Nf6 7. Qe2 Qc7 8. 0-0 e5 9. a3 Be7 10. c4 Be6 11. Be3 0-0 12. Nc3 Rac8 13. Rac1 Qd7 14. Rfd1 Na5 15. Nd5 Bxd5 16. cxd5 a6 17. Nd2 b5 18. Bb6 Bd8 19. Be3 Be7 20. b4 Nb7 21. Nb3 Rxc1 22. Rxc1 Rc8 23. Rxc8+ Qxc8 24. Qc2 Qxc2 25. Bxc2 Nd7 26. Nd2 Bd8 27. Kf1 Bb6 28. Bxb6 Nxb6 29. Ke2 f6 30. Ke3 Nd8 31. h4 h5 32. f4 exf4+ 33. Kxf4 g6 34. Bb3 Nf7 35. Nf3 Ne5 36. Nxe5 fxe5+ 37. Ke3 Kg7 38. g3 Kf6 39. Kd3 Ke7 40. Ke3 Kd8 41. Kd3 Kc7 42. Ke3 Nd7 43. a4 Kb6 44. a5+ Kc7 45. Bd1 Nf6 46. Be2 Ng4+ 47. Bxg4 hxg4 1/2-1/2

[Event "Barcelona Sant Marti op-B 25th"]
[Site "Barcelona"]
[Date "2025.07.15"]
[Round "3"]
[White "Pons Gramage, Toni"]
[Black "Garcia Garrido, Ferran"]
[Result "0-1"]
[WhiteElo "1686"]
[BlackElo "1814"]
[PlyCount "72"]
[EventDate "2025.07.13"]
[EventType "swiss"]
[EventRounds "9"]
[EventCountry "ESP"]
[SourceTitle "CB30_2025"]
[SourceDate "2025.07.23"]
[SourceVersion "1"]
[SourceVersionDate "2025.07.23"]
[SourceQuality "1"]

1. e4 c5 2. d4 cxd4 3. c3 d3 4. Bxd3 Qc7 5. Nf3 Nc6 6. Qe2 d6 7. h3 a6 8. Bf4 Ne5 9. Nxe5 dxe5 10. Bg3 e6 11. Nd2 Ne7 12. Nf3 Ng6 13. 0-0 Nf4 14. Bxf4 exf4 15. e5 Be7 16. Qe4 g5 17. Rfd1 Bd7 18. Qd4 Bc5 19. Qe4 Bc6 20. Qe2 Be7 21. Bc2 h5 22. Nd4 Bd7 23. Qe4 0-0-0 24. Rac1 Rdg8 25. g3 fxg3 26. fxg3 g4 27. h4 f5 28. Qe3 Bc5 29. b4 Ba7 30. c4 Kb8 31. c5 b6 32. Bb3 Rg6 33. c6 Bc8 34. b5 a5 35. Nf3 gxf3 36. Qxf3 Rhg8 0-1

[Event "Barcelona Sant Marti op-B 25th"]
[Site "Barcelona"]
[Date "2025.07.14"]
[Round "2"]
[White "Lopez Manzano, Antonio"]
[Black "Pons Gramage, Toni"]
[Result "1/2-1/2"]
[WhiteElo "1829"]
[BlackElo "1686"]
[PlyCount "94"]
[EventDate "2025.07.13"]
[EventType "swiss"]
[EventRounds "9"]
[EventCountry "ESP"]
[SourceTitle "CB30_2025"]
[SourceDate "2025.07.23"]
[SourceVersion "1"]
[SourceVersionDate "2025.07.23"]
[SourceQuality "1"]

1. d4 Nf6 2. Bf4 c5 3. d5 Qb6 4. Bc1 e6 5. Nc3 Nxd5 6. Nxd5 exd5 7. Qxd5 Qe6 8. e4 Nc6 9. c3 Be7 10. Nf3 0-0 11. Bc4 b6 12. Qd3 Qd6 13. Qe2 Bf6 14. 0-0 Re8 15. Bg5 Na5 16. Rad1 Qe7 17. Bxf6 Qxf6 18. Bd5 Nc6 19. Qd2 h6 20. Rfe1 Rb8 21. Qd3 Bb7 22. Rd2 Ne5 23. Nxe5 Qxe5 24. Rde2 Kf8 25. Qc4 Bxd5 26. exd5 Qd6 27. Rxe8+ Rxe8 28. Rxe8+ Kxe8 29. Qd3 Qe5 30. Qe3 Qxe3 31. fxe3 f5 32. c4 Ke7 33. Kf2 Kd6 34. Kf3 Ke5 35. h3 g5 36. g3 a6 37. b3 b5 38. g4 fxg4+ 39. hxg4 b4 40. Kf2 Ke4 41. Ke2 d6 42. Kf2 Ke5 43. Kf3 a5 44. Kf2 Ke4 45. Ke2 Ke5 46. Kf3 Kf6 47. e4 Ke5 1/2-1/2

[Event "Barcelona Sant Marti op-B 25th"]
[Site "Barcelona"]
[Date "2025.07.13"]
[Round "1"]
[White "Pons Gramage, Toni"]
[Black "Garcia Martinez, Hector"]
[Result "1-0"]
[WhiteElo "1686"]
[BlackElo "1887"]
[PlyCount "105"]
[EventDate "2025.07.13"]
[EventType "swiss"]
[EventRounds "9"]
[EventCountry "ESP"]
[SourceTitle "CB30_2025"]
[SourceDate "2025.07.23"]
[SourceVersion "1"]
[SourceVersionDate "2025.07.23"]
[SourceQuality "1"]

1. e4 c6 2. d4 d5 3. exd5 cxd5 4. c4 Nf6 5. Nc3 e6 6. Nf3 Be7 7. Be2 dxc4 8. Bxc4 Nbd7 9. 0-0 Nb6 10. Bb3 0-0 11. Qe2 Nbd5 12. Bg5 Re8 13. Rfd1 b6 14. Ne5 Bb7 15. Ba4 Nxc3 16. bxc3 Qd5 17. f3 Rec8 18. Bb3 Qa5 19. Nxf7 Bd5 20. c4 Kxf7 21. cxd5 Nxd5 22. Bxe7 Kxe7 23. Qe5 Kf7 24. Re1 Re8 25. Qh5+ Kf8 26. Qxh7 Qd2 27. Qh8+ Kf7 28. Qh5+ g6 29. Qh7+ Kf6 30. Qh4+ Kg7 31. Qe4 Nf4 32. Qc2 Qxd4+ 33. Kf1 Rac8 34. Qe4 Qd2 35. Qe5+ Kf7 36. Qg5 Rc5 37. Qg4 Qd3+ 38. Kg1 Rf5 39. Rad1 Qb5 40. Qh4 Kg7 41. Re4 Ne2+ 42. Kh1 Nc3 43. Bc4 Qc6 44. Rxe6 Rxe6 45. Bxe6 Qxe6 46. Re1 Re5 47. Qd4 Ne2 48. Rxe2 Kh6 49. Qxe5 Qc4 50. Qe3+ Kh5 51. g3 Qa4 52. Qe5+ Kh6 53. Qf4+ 1-0

[Event "Barcelona Sant Marti op-B 24th"]
[Site "Barcelona"]
[Date "2024.07.18"]
[Round "6"]
[White "Elhayek, Yazid Saqallah"]
[Black "Pons Gramage, Toni"]
[Result "1-0"]
[WhiteElo "1817"]
[BlackElo "1703"]
[PlyCount "119"]
[EventDate "2024.07.13"]
[EventType "swiss"]
[EventRounds "9"]
[EventCountry "ESP"]
[SourceTitle "EXT 2025"]
[Source "ChessBase"]
[SourceDate "2024.10.14"]
[SourceVersion "1"]
[SourceVersionDate "2024.10.14"]
[SourceQuality "1"]

1. e4 e5 2. Nf3 Nc6 3. Bb5 a6 4. Ba4 b5 5. Bb3 d6 6. c3 Nf6 7. 0-0 h6 8. Re1 Be7 9. h3 0-0 10. d4 Bb7 11. Nbd2 Qd7 12. Nf1 Bd8 13. Ng3 Ne7 14. Bc2 Qe6 15. Nf5 Nxf5 16. exf5 Qd7 17. dxe5 dxe5 18. Nxe5 Qxd1 19. Rxd1 Be7 20. Bf4 Bd6 21. Nd3 Bxf4 22. Nxf4 Rfe8 23. f3 Re5 24. Kf2 Rae8 25. Rd2 Kf8 26. a4 c6 27. axb5 cxb5 28. Re2 Rxe2+ 29. Nxe2 Rd8 30. Nd4 Re8 31. Rd1 Re5 32. g4 Nd5 33. Be4 Re7 34. Nb3 Nf6 35. Bxb7 Rxb7 36. Nc5 Ra7 37. Rd6 a5 38. Rb6 b4 39. cxb4 Nd5 40. Rb8+ Ke7 41. bxa5 Rxa5 42. Ne4 f6 43. Rb7+ Kf8 44. b4 Ra2+ 45. Kg3 Rb2 46. Nc5 Rxb4 47. Ne6+ Kg8 48. Rxg7+ Kh8 49. Rg6 Kh7 50. Nf8+ Kh8 51. Nd7 Rb7 52. Nxf6 Nxf6 53. Rxf6 Kg7 54. Rg6+ Kh7 55. Kh4 Rb3 56. Kh5 Rxf3 57. Rxh6+ Kg7 58. Rg6+ Kf7 59. h4 Rh3 60. Kg5 1-0

[Event "Barcelona Sant Marti op-B 23rd"]
[Site "Barcelona"]
[Date "2023.07.20"]
[Round "8"]
[White "Pons Gramage, Toni"]
[Black "Sacristan Collado, Lucas"]
[Result "1/2-1/2"]
[WhiteElo "1464"]
[BlackElo "1453"]
[PlyCount "92"]
[EventDate "2023.07.13"]
[EventType "swiss"]
[EventRounds "9"]
[EventCountry "ESP"]
[SourceTitle "CBM 215 Extra"]
[Source "ChessBase"]
[SourceDate "2023.09.30"]
[SourceVersion "1"]
[SourceVersionDate "2023.09.30"]
[SourceQuality "1"]

1. e4 c6 2. d4 d5 3. Nc3 dxe4 4. Nxe4 Bf5 5. Ng3 Bg6 6. Nf3 h6 7. Bc4 Nf6 8. Ne5 e6 9. Nxg6 fxg6 10. 0-0 Qd6 11. Bxe6 Be7 12. Re1 Nbd7 13. c4 0-0-0 14. d5 Kb8 15. Ne2 Ka8 16. Bf4 Qc5 17. Rc1 Bd6 18. Bxd6 Qxd6 19. Ng3 Rhe8 20. Bxd7 Qxd7 21. Rxe8 Qxe8 22. d6 Qd7 23. c5 b6 24. b4 Nd5 25. a3 Kb7 26. Qd3 Qe6 27. Qe4 Re8 28. Qxe6 Rxe6 29. Kf1 Kc8 30. Re1 Kd7 31. Rxe6 Kxe6 32. Ne4 Nf4 33. g3 Nd3 34. Ke2 Ne5 35. Nd2 Kd5 36. f4 Nd7 37. Nb3 Kc4 38. Nd2+ Kd5 39. Kd3 bxc5 40. bxc5 Nxc5+ 41. Kc3 Kxd6 42. Kc4 Ne6 43. Ne4+ Kc7 44. h3 Kb6 45. Nd6 Kc7 46. Ne4 Kb6 1/2-1/2

[Event "Barcelona Sant Marti op-B 23rd"]
[Site "Barcelona"]
[Date "2023.07.16"]
[Round "4"]
[White "Pons Gramage, Toni"]
[Black "Reyes Marin, Raul"]
[Result "0-1"]
[WhiteElo "1464"]
[BlackElo "1725"]
[PlyCount "88"]
[EventDate "2023.07.13"]
[EventType "swiss"]
[EventRounds "9"]
[EventCountry "ESP"]
[SourceTitle "CBM 215 Extra"]
[Source "ChessBase"]
[SourceDate "2023.09.30"]
[SourceVersion "1"]
[SourceVersionDate "2023.09.30"]
[SourceQuality "1"]

1. e4 e5 2. Nf3 Nc6 3. Bc4 Nf6 4. d4 d5 5. exd5 Na5 6. Bb5+ c6 7. dxc6 bxc6 8. Ba4 e4 9. Ne5 Ba6 10. Nxc6 Nxc6 11. Bxc6+ Nd7 12. Bxa8 Qxa8 13. b3 e3 14. f3 e2 15. Qd2 Be7 16. c4 0-0 17. Kxe2 Re8 18. Kd1 Ne5 19. Bb2 Nxf3 20. Qf2 Bb7 21. d5 Bxd5 22. cxd5 Qxd5+ 23. Nd2 Nxd2 24. Qxd2 Qh5+ 25. Kc2 Bg5 26. Rae1 Rc8+ 27. Qc3 Qg6+ 28. Kd1 Rd8+ 29. Ke2 Bf6 30. Qg3 Qc2+ 31. Kf1 Qxb2 32. Qf2 Qc3 33. g3 g6 34. Kg2 Rd2 35. Re2 Qc6+ 36. Kh3 Rxe2 37. Qxe2 Qxh1 38. Qf2 Kg7 39. a4 Qe4 40. Qxa7 Qe6+ 41. Kg2 Qxb3 42. a5 Qb5 43. a6 Qe2+ 44. Kh3 Qf1+ 0-1

[Event "Barcelona Sant Marti op-B 23rd"]
[Site "Barcelona"]
[Date "2023.07.15"]
[Round "3"]
[White "Jimenez Molina, Victor"]
[Black "Pons Gramage, Toni"]
[Result "0-1"]
[WhiteElo "1677"]
[BlackElo "1464"]
[PlyCount "86"]
[EventDate "2023.07.13"]
[EventType "swiss"]
[EventRounds "9"]
[EventCountry "ESP"]
[SourceTitle "CBM 215 Extra"]
[Source "ChessBase"]
[SourceDate "2023.09.30"]
[SourceVersion "1"]
[SourceVersionDate "2023.09.30"]
[SourceQuality "1"]

1. e4 e5 2. Bc4 Nc6 3. c3 Nf6 4. Qf3 Be7 5. d3 h6 6. h3 Na5 7. Bb3 Nxb3 8. axb3 d5 9. exd5 Qxd5 10. Qxd5 Nxd5 11. Nf3 Bd6 12. Nbd2 Bf5 13. d4 exd4 14. Nxd4 Bd3 15. N2f3 0-0 16. Kd2 Bg6 17. c4 Nf4 18. Nh4 Bh7 19. g3 Ne6 20. Nb5 Bb4+ 21. Nc3 Nd4 22. Ra4 Nxb3+ 23. Ke2 Rfe8+ 24. Be3 Bxc3 25. bxc3 Nc5 26. Ra5 b6 27. Raa1 Bd3+ 28. Kd2 Red8 29. Bxc5 bxc5 30. Rhe1 Bxc4+ 31. Kc1 Be6 32. g4 Rd3 33. Re3 Rxe3 34. fxe3 a5 35. Nf3 f6 36. Ra4 Bb3 37. Rf4 a4 38. Nd2 Be6 39. Re4 Kf7 40. c4 g5 41. Nf3 Rb8 42. h4 a3 43. hxg5 hxg5 0-1